000 00465nam a2200157 a 4500
001 000026950
005 20200930030517.0
008 110328s1952 dr ac 000 | spa d
040 _aDO-SdBNP
_bspa
_cBNPHU
082 _axxxx
_bP438g
100 1 _aPérez Ortiz, R.
_92442
245 1 0 _aGestas heroicas /
_cR. Pérez Ortiz.
260 _aCiudad Trujillo, República Dominicana :
_bImprenta Rincon,
_c1952.
300 _a71 p. :
_bil., retrs. ;
_c24 cm.
049 _aBNPD
999 _c26442
_d26442